Normal view
MARC view
- Slocum, John W.
Entry Personal Name
001 - CONTROL NUMBER
- control field: 13303
003 - CONTROL NUMBER IDENTIFIER
- control field: OSt
005 - DATE AND TIME OF LATEST TRANSACTION
- control field: 20160820132355.0
008 - FIXED-LENGTH DATA ELEMENTS
- fixed length control field: 160820|| aca||aabn | a|a d
040 ## - CATALOGING SOURCE
- Original cataloging agency: OSt
100 ## - HEADING--PERSONAL NAME
- Personal name: Slocum, John W.
